BIBLIOTECA PODER JUDICIAL
Portal Judicial TDF

Compendio de derecho administrativo / (Registro nro. 2122)

000 -LEADER
fixed length control field 01216nam a22002537a 4500
003 - CONTROL NUMBER IDENTIFIER
control field OSt
005 - DATE AND TIME OF LATEST TRANSACTION
control field 20181129090845.0
008 - FIXED-LENGTH DATA ELEMENTS--GENERAL INFORMATION
fixed length control field 180227b xxu||||| |||| 00| 0 spa d
020 ## - INTERNATIONAL STANDARD BOOK NUMBER
International Standard Book Number 9501401928
040 ## - CATALOGING SOURCE
Transcribing agency PJ
100 ## - ASIENTO PRINCIPAL - NOMBRE DE PERSONA
9 (RLIN) 104
Personal name Escola, Héctor Jorge
245 10 - MENCIÓN DE TÍTULO
Título propiamente dicho Compendio de derecho administrativo /
260 ## - PUBLICATION, DISTRIBUTION, ETC. (IMPRINT)
Place of publication, distribution, etc Buenos Aires :
Name of publisher, distributor, etc Depalma,
Date of publication, distribution, etc 1990.
300 ## - DESCRIPCION FISICA
Extent 2 v.
Dimensions 22 cm.
500 ## - NOTA GENERAL
General note Notas y citas a pie de página.
505 ## - FORMATTED CONTENTS NOTE
Formatted contents note Contenido: <br/>v. 1: Administración pública. Derecho administrativo. Relaciones jurídicas subjetivas. Organización administrativa. Función pública. Servicios públicos. Actos administrativos. Obligaciones administrativas. <br/>v. 2: Contratos administrativos. Actividades administrativa. Actividades administrativas de coacción. Dominio público. Limitaciones administrativas a la propiedad privada. Responsabilidad del estado. Principio de legalidad.<br/>
650 #0 - ASIENTO SECUNDARIO DE MATERIA - TERMINO TEMATICO
Topical term or geographic name as entry element DERECHO ADMINISTRATIVO
9 (RLIN) 211
650 #0 - ASIENTO SECUNDARIO DE MATERIA - TERMINO TEMATICO
Topical term or geographic name as entry element ADMINISTRACION PUBLICA
9 (RLIN) 877
650 #0 - ASIENTO SECUNDARIO DE MATERIA - TERMINO TEMATICO
Topical term or geographic name as entry element PROCEDIMIENTO ADMINISTRATIVO
9 (RLIN) 1135
650 #0 - ASIENTO SECUNDARIO DE MATERIA - TERMINO TEMATICO
Topical term or geographic name as entry element ACTO ADMINISTRATIVO
9 (RLIN) 1171
650 #0 - ASIENTO SECUNDARIO DE MATERIA - TERMINO TEMATICO
Topical term or geographic name as entry element CONTRATOS ADMINISTRATIVOS
9 (RLIN) 1170
650 #0 - ASIENTO SECUNDARIO DE MATERIA - TERMINO TEMATICO
Topical term or geographic name as entry element RECURSOS ADMINISTRATIVOS
9 (RLIN) 1136
942 ## - ADDED ENTRY ELEMENTS (KOHA)
Source of classification or shelving scheme
Koha item type Libros
Classification part 342.9
Item part ESC
Existencias
Withdrawn status Lost status Source of classification or shelving scheme Damaged status Not for loan Permanent Location Current Location Date acquired Serial Enumeration / chronology Total Checkouts Full call number Barcode Date last seen Date checked out Price effective from Koha item type
          Biblioteca Poder Judicial Sur Biblioteca Poder Judicial Sur 2018-11-29 V. 1 1 342.9 ESC 1552 2023-11-29 2022-09-30 2018-11-29 Libros
          Biblioteca Poder Judicial Sur Biblioteca Poder Judicial Sur 2018-11-29 V. 2   342.9 ESC 1553 2018-11-29   2018-11-29 Libros

12 de Octubre 789 Ushuaia - Tel:  54(02901)441571
Horario de Atención: 8.00 a 17.00 hs. 
bibliotecaush@justierradelfuego.gov.ar
koha@justierradelfuego.gov.ar
Seguinos en nuestras redes @bibliojustdf 

Con tecnología Koha